00625nam a2200169Ia 4500999001700000082001200017100002400029245009300053260003100146300001000177650004300187650002400230650005900254710001700313942001200330952011300342 c12544d12544 aTU.0024 aUppal, Surjit Singh 0aDevelopment of a curriculum in science for secondary schools in the state of Maharashtra c1977bUniversity of Bombay a246p. aHIGH SCHOOLS - CURRICULA - MAHARASHTRA aSCIENCE - CURRICULA aSCIENCE - STUDY AND TEACHING (SECONDARY) - MAHARASHTRA aShukla, N.N. cTH2ddc 00104070aNASSDOCbNASSDOCd2004-10-08i2004-10-22l0oTU.0024p15075r2019-04-18 00:00:00w2019-04-18yTH